[Event "Plovdiv"]
[Site "Plovdiv"]
[Date "1981.??.??"]
[Round "2"]
[White "Georgiev, Krum"]
[Black "Peev, Peicho Chonev"]
[Result "1-0"]
[WhiteElo "2485"]
[BlackElo "2385"]

1.e4 c5 2.Nf3 e6 3.d4 cxd4 4.Nxd4 a6 5.Bd3 Ne7 6.b3 Nec6 7.Nxc6 Nxc6 8.Bb2 Bb4+
9.Nd2 Qg5 10.Qe2 O-O 11.a3 Ba5 12.O-O-O e5 13.Kb1 b5 14.Nf1 Nd4 15.Qe3 Qe7
16.Qg3 d6 17.Ne3 Be6 18.f4 f6 19.h4 Rac8 20.h5 exf4 21.Qxf4 Nc6 22.Nd5 Bxd5
23.exd5 Ne5 24.Be4 Rce8 25.Qf5 g6 26.hxg6 hxg6 27.Qe6+ Kg7 28.Bc1 Nf7 29.Bxg6 Qxe6
30.dxe6 Rxe6 31.Bf5 Re5 32.g4 Bc3 33.Rh7+ Kg8 34.Rh3 Re1 35.Rxe1 Bxe1 36.Re3 Bf2
37.Re7 Ng5 38.Bb2 Rf7 39.Re8+ Kg7 40.Rd8 Bg3 41.Ra8 Be5 42.Rxa6 Rb7 43.b4 Nf3
44.Bd3 d5 45.Bc1 Bc7 46.Be2 Ne5 47.Bb2 Kf7 48.Bd4 Ke7 49.Ka2 Bd6  1-0

[Event "Bohemians"]
[Site "Prague"]
[Date "1981.??.??"]
[Round "?"]
[White "Janak, Jaroslav"]
[Black "Adamski, Jan"]
[Result "1/2-1/2"]
[WhiteElo "2275"]
[BlackElo "2430"]

1.e4 c5 2.Nf3 e6 3.d4 cxd4 4.Nxd4 a6 5.Bd3 Nf6 6.O-O d6 7.c4 Be7 8.Nc3 O-O
9.Be3 Nbd7 10.f3 Re8 11.Qd2 Bf8 12.Rfd1 b6 13.Bf1 Bb7 14.Qf2 Qc7 15.Rac1 Rac8
16.Rc2 Qb8 17.Nb3 d5 18.cxd5 exd5 19.exd5 b5  1/2-1/2

[Event "Rostock"]
[Site "Rostock"]
[Date "1981.??.??"]
[Round "9"]
[White "Kostyra, Stanislaw"]
[Black "Neukirch, Detlef"]
[Result "1/2-1/2"]
[WhiteElo "2370"]
[BlackElo "2375"]

1.e4 c5 2.Nf3 e6 3.d4 cxd4 4.Nxd4 a6 5.Bd3 Nf6 6.O-O d6 7.f4 Be7 8.Kh1 e5
9.fxe5 dxe5 10.Nf5 Bxf5 11.Rxf5 Nc6 12.Nc3 O-O 13.Be3 b5 14.Qg1  1/2-1/2

[Event "Sarajevo"]
[Site "Sarajevo"]
[Date "1981.??.??"]
[Round "3"]
[White "Jansa, Vlastimil"]
[Black "Dizdarevic, Emir"]
[Result "0-1"]
[WhiteElo "2460"]
[BlackElo "2340"]

1.e4 c5 2.Nf3 e6 3.d4 cxd4 4.Nxd4 a6 5.Bd3 Nf6 6.O-O Qc7 7.Qe2 d6 8.f4 Nbd7
9.Nf3 Be7 10.Nc3 Nc5 11.e5 Nfd7 12.exd6 Qxd6 13.f5 Nxd3 14.cxd3 O-O 15.fxe6 fxe6
16.Ne4 Qd5 17.Bg5 Nf6 18.Nc3 Qf5 19.d4 Bd7 20.Kh1 Qg4 21.h3 Qh5 22.d5 Rad8
23.dxe6 Bc6 24.Bxf6 Rxf6 25.Rae1 Rd6 26.Qe5 Qg6 27.Qh2 Rd3 28.Ne5 Qxg2+ 29.Qxg2 Rxh3+
30.Kg1 Bc5+ 31.Rf2 Bxf2+  0-1

[Event "Sarajevo"]
[Site "Sarajevo"]
[Date "1981.??.??"]
[Round "5"]
[White "Kurajica, Bojan"]
[Black "Dizdarevic, Emir"]
[Result "1/2-1/2"]
[WhiteElo "2495"]
[BlackElo "2340"]

1.e4 c5 2.Nf3 e6 3.d4 cxd4 4.Nxd4 a6 5.Bd3 Nf6 6.O-O d6 7.c4 Be7 8.Nc3 O-O
9.Be3 b6 10.f4 Bb7 11.f5 e5 12.Nc2 b5 13.cxb5 axb5 14.Nb4 Nbd7 15.Bxb5 Nxe4
16.Nxe4 Bxe4 17.Nc6 Bxc6 18.Bxc6 Rb8 19.a4 Rxb2 20.a5 Qc7 21.Bd5 Rb5 22.a6 Nf6
23.Bb7 Rxb7 24.axb7 Qxb7 25.Ra7 Qe4 26.Re1 Re8 27.Qb1 g6 28.fxg6 hxg6 29.Qb5 Qd5
30.Qa4 Qe4 31.Qb5 Qd5 32.Qa4 Qe4 33.Qb5 Qd5  1/2-1/2

[Event "Sarajevo"]
[Site "Sarajevo"]
[Date "1981.??.??"]
[Round "11"]
[White "Psakhis, Lev"]
[Black "Dizdarevic, Emir"]
[Result "1-0"]
[WhiteElo "2500"]
[BlackElo "2340"]

1.e4 c5 2.Nf3 e6 3.d4 cxd4 4.Nxd4 a6 5.Bd3 Nf6 6.O-O Qc7 7.Qe2 d6 8.c4 g6
9.Nc3 Bg7 10.Be3 O-O 11.Rac1 Nbd7 12.Rfd1 b6 13.f3 Bb7 14.Qf2 Rfc8 15.Be2 Ne8
16.b4 Bf8 17.Nb3 Rab8 18.Na4 Bc6 19.Nc3 Bb7 20.Bf1 Be7 21.Kh1 Rd8 22.Nd5 exd5
23.cxd5 Nc5 24.bxc5 bxc5 25.Bd2 Qd7 26.Na5 Nc7 27.Bc3 Ba8 28.Qd2 Bf8 29.Bf6 Re8
30.Nc4 Bg7 31.Bxg7 Kxg7 32.Rb1 f5 33.Bd3 fxe4 34.fxe4 Rf8 35.Qc3+ Kg8 36.Rxb8 Rxb8
37.Rf1 Ne8 38.Bc2 Qe7 39.Qf3 Kg7 40.a3 Rd8 41.Qc3+ Kg8 42.Kg1 Bb7 43.Na5 Rd7
44.Ba4 Rc7 45.Bxe8  1-0

[Event "Sarajevo"]
[Site "Sarajevo"]
[Date "1981.??.??"]
[Round "12"]
[White "Jansa, Vlastimil"]
[Black "Osmanovic, Kemal"]
[Result "1/2-1/2"]
[WhiteElo "2460"]
[BlackElo "2395"]

1.e4 c5 2.Nf3 e6 3.d4 cxd4 4.Nxd4 a6 5.Bd3 Nc6 6.Nxc6 bxc6 7.O-O d5 8.c4 Nf6
9.cxd5 cxd5 10.Nc3 Be7 11.exd5 exd5 12.Be3 O-O 13.Bd4 Rb8 14.a3 a5 15.Re1 Re8
16.Qc2 h6 17.Rad1 Be6 18.Bb5 Rf8 19.Ba4 Qc8 20.Qd3 Qc4 21.Qg3 Rfd8 22.Bc2 Kf8
23.b3 Qc6 24.Qe3 Rdc8  1/2-1/2

[Event "BUL-ch"]
[Site "Sofia"]
[Date "1981.??.??"]
[Round "17"]
[White "Radev, Nikolai"]
[Black "Velikov, Petar"]
[Result "1/2-1/2"]
[WhiteElo "2335"]
[BlackElo "2460"]

1.e4 c5 2.Nf3 e6 3.d4 cxd4 4.Nxd4 a6 5.Bd3 Qc7 6.O-O Nf6 7.c4 Nc6 8.Nxc6 dxc6
9.f4 e5 10.f5 Bc5+ 11.Kh1 h5 12.Nc3 Ng4 13.Qe2 Qd8 14.h3 Qd4 15.Bc2 b5 16.g3 Ne3
17.Bxe3 Qxe3 18.Qxe3 Bxe3 19.Bd3 Bb7 20.Kg2 Ke7 21.Kf3 Bd4 22.Rac1 g6 23.cxb5 axb5
24.Nxb5 Rxa2 25.Nxd4 exd4 26.Rf2 Kf6 27.fxg6 fxg6 28.Kg2+ Ke5 29.Rc5+ Kd6
30.Rg5  1/2-1/2

[Event "Vrsac"]
[Site "Vrsac"]
[Date "1981.??.??"]
[Round "1"]
[White "Simic, Sinisa"]
[Black "Kurajica, Bojan"]
[Result "0-1"]
[WhiteElo "2200"]
[BlackElo "2500"]

1.e4 c5 2.Nf3 e6 3.d4 cxd4 4.Nxd4 a6 5.Bd3 d6 6.c4 g6 7.Be3 Bg7 8.Nc3 Nf6
9.O-O O-O 10.Rc1 b6 11.f4 Bb7 12.f5 Re8 13.fxe6 fxe6 14.Bg5 Nbd7 15.Kh1 Ne5
16.Nf3 Nf7 17.Be3 Nd7 18.Qd2 Qc7 19.b4 Qb8 20.Na4 Bc6 21.b5 axb5 22.cxb5 Bxe4
23.Nxb6 Bxd3 24.Nxd7 Qxb5 25.Rf2 Be4 26.Nb6 Ra3 27.Rc7 Bxf3 28.Rxf3 Qb1+
29.Bg1 Rxf3 30.gxf3 Ne5 31.Kg2 Qxg1+  0-1

[Event "Vrsac"]
[Site "Vrsac"]
[Date "1981.??.??"]
[Round "11"]
[White "Sax, Gyula"]
[Black "Cebalo, Miso"]
[Result "1-0"]
[WhiteElo "2550"]
[BlackElo "2500"]

1.e4 c5 2.Nf3 e6 3.d4 cxd4 4.Nxd4 a6 5.Bd3 Nf6 6.O-O d6 7.f4 Be7 8.Kh1 e5
9.fxe5 dxe5 10.Nf5 Bxf5 11.Rxf5 Nbd7 12.Nc3 O-O 13.Be3 g6 14.Rf1 b5 15.Bh6 Re8
16.Qf3 Bf8 17.Bg5 Re6 18.Nd5 Bg7 19.c4 h6 20.Bxf6 Nxf6 21.cxb5 axb5 22.Bxb5 Rb8
23.a4 Rb7 24.Bc4 Rxb2 25.a5 Rb7 26.a6 Ra7 27.Qe3 Qa8 28.Nb6 Qxe4 29.Qxe4 Nxe4
30.Bxe6 fxe6 31.Nc8 Rc7 32.a7 Rxc8 33.Rfb1  1-0

[Event "Yerevan"]
[Site "Yerevan"]
[Date "1981.??.??"]
[Round "8"]
[White "Airapetian, An"]
[Black "Agzamov, Viachesiav"]
[Result "0-1"]
[WhiteElo "2200"]
[BlackElo "2255"]

1.e4 c5 2.Nf3 e6 3.d4 cxd4 4.Nxd4 a6 5.Bd3 Nc6 6.Nxc6 bxc6 7.c4 Nf6 8.O-O d6
9.Nc3 Be7 10.Qc2 c5 11.a3 O-O 12.b4 cxb4 13.axb4 Ng4 14.Re1 Rb8 15.b5 axb5
16.cxb5 Bf6 17.Ra4 Bxc3 18.Qxc3 Qh4 19.h3 Qxf2+ 20.Kh1 Ne5 21.Bf1 Bb7 22.Be3 Qh4
23.Bg1 f5 24.Rd4 Rbc8 25.Qd2 Bxe4 26.Bh2 Nf7 27.b6 e5 28.Rb4 Rc2 29.Rexe4 Qxe4
30.Rxe4 Rxd2 31.Rb4 Rd1 32.Kg1 Rc8 33.Kf2 Nd8 34.Rb2 Rcc1 35.Be2 Rb1 36.Rc2 Rdc1
37.Rc7 Ne6 38.Rxc1 Rxc1 39.Bg1 Rb1 40.Bc4 Kf7  0-1

[Event "Yerevan"]
[Site "Yerevan"]
[Date "1981.??.??"]
[Round "9"]
[White "Gofshtein, Leonid D"]
[Black "Makarov, Marat"]
[Result "1-0"]
[WhiteElo "2415"]
[BlackElo "2330"]

1.e4 c5 2.Nf3 e6 3.d4 cxd4 4.Nxd4 a6 5.Bd3 Ne7 6.O-O Nec6 7.Nb3 Be7 8.f4 d6
9.Be3 O-O 10.Nc3 Nd7 11.Qf3 Nb4 12.Nd4 Nf6 13.Rad1 Nxd3 14.cxd3 e5 15.fxe5 dxe5
16.Nf5 Bxf5 17.Qxf5 Qc7 18.Kh1 Kh8 19.d4 exd4 20.Bxd4 Rad8 21.Nd5 Nxd5 22.exd5 Bd6
23.Bxg7+ Kxg7 24.Qf6+ Kg8 25.Rd4 Qc8 26.Qg5+ Kh8 27.Qf6+ Kg8 28.h3 Qc2 29.Rg4+ Qg6
30.Rxg6+ hxg6 31.h4 Bb8 32.Qf3 Be5 33.g3 Rd7 34.Rf2 Kg7 35.Kg2 Rfd8 36.h5 gxh5
37.Qxh5 f6 38.Qg4+ Kf7 39.Qe6+ Kg7 40.Rd2 Kf8 41.Kf3 Rd6 42.Qf5 Rxd5 43.Rxd5 Rxd5
44.Qc8+ Ke7 45.Qxb7+ Rd7 46.Qb4+ Kf7 47.Qc4+ Ke7 48.b3 Rd6 49.g4 Re6 50.Qc8 Rd6
51.Qc5 Bd4 52.Qc7+ Ke6 53.Ke4 Bg1 54.Qc1 Bf2 55.Qf1 Bg3 56.Qh3 Be5 57.g5+ Ke7
58.Qh7+ Ke6 59.Qg8+ Ke7 60.g6 Rd4+ 61.Ke3  1-0

[Event "Baile Herculane zt"]
[Site "Baile Herculane"]
[Date "1982.??.??"]
[Round "5"]
[White "Radulov, Ivan"]
[Black "Gheorghiu, Florin"]
[Result "1/2-1/2"]
[WhiteElo "2505"]
[BlackElo "2550"]

1.e4 c5 2.Nf3 e6 3.d4 cxd4 4.Nxd4 a6 5.Bd3 Nf6 6.O-O d6 7.c4 Be7 8.Nc3 O-O
9.Qe2 b6 10.Be3 Bb7 11.f4 Nc6 12.Rac1 Nxd4 13.Bxd4 Nd7 14.Kh1 Bf6 15.Bxf6 Qxf6
16.Qe3 Rab8  1/2-1/2

[Event "Baile Herculane zt"]
[Site "Baile Herculane"]
[Date "1982.??.??"]
[Round "7"]
[White "Ghinda, Mihail Viorel"]
[Black "Velikov, Petar"]
[Result "1/2-1/2"]
[WhiteElo "2425"]
[BlackElo "2470"]

1.e4 c5 2.Nf3 e6 3.d4 cxd4 4.Nxd4 a6 5.Bd3 Qc7 6.c4 Nf6 7.O-O Nc6 8.Nxc6 dxc6
9.Nc3 e5 10.Be3 Nd7 11.Rc1 Nc5 12.Bb1 a5 13.f4 Ne6 14.fxe5 Qxe5 15.Rf5 Qc7
16.Kh1 g6 17.Rf1 Bg7 18.Nd5 cxd5 19.cxd5 Qd8 20.dxe6 Bxe6 21.Qa4+ Qd7 22.Qa3 b5
23.Bc5 Be5 24.Rfd1 Qb7 25.b4 a4 26.Qf3 Rc8 27.Bd3 f6 28.Qe2 Rb8 29.Be3 O-O
30.Rc5 Bd7 31.a3 Rfd8 32.Bh6 Be8 33.Rdc1 Bd6 34.R5c2 Qe7 35.Rf1 Be5 36.Rc5 Bd6
37.Rc2 Be5 38.Rc5 Bd6 39.Rc2  1/2-1/2

[Event "Baile Herculane zt"]
[Site "Baile Herculane"]
[Date "1982.??.??"]
[Round "9"]
[White "Sax, Gyula"]
[Black "Velikov, Petar"]
[Result "1/2-1/2"]
[WhiteElo "2550"]
[BlackElo "2470"]

1.e4 c5 2.Nf3 e6 3.d4 cxd4 4.Nxd4 a6 5.Bd3 Bc5 6.Nb3 Ba7 7.Qe2 Nc6 8.Be3 Bxe3
9.Qxe3 d6 10.Nc3 Nf6 11.O-O-O O-O 12.f4 Qc7 13.Rhg1 b5 14.g4 b4 15.Na4 Rb8
16.g5 Ne8 17.Nd2  1/2-1/2

[Event "Baile Herculane zt"]
[Site "Baile Herculane"]
[Date "1982.??.??"]
[Round "11"]
[White "Ghinda, Mihail Viorel"]
[Black "Gheorghiu, Florin"]
[Result "0-1"]
[WhiteElo "2425"]
[BlackElo "2550"]

1.e4 c5 2.Nf3 e6 3.d4 cxd4 4.Nxd4 a6 5.Bd3 Nf6 6.O-O d6 7.c4 Be7 8.Nc3 O-O
9.Be3 Nbd7 10.Rc1 Re8 11.b3 Bf8 12.Qd2 b6 13.f3 Bb7 14.Rfd1 Rc8 15.Bf1 Qc7
16.g3 Qb8 17.Bg2 d5 18.cxd5 exd5 19.Nxd5 Nxd5 20.exd5 Bxd5 21.Bf2 Rxc1 22.Qxc1 Ne5
23.Qg5 h6 24.Qh5 Qa8 25.Re1 g6 26.Qh3 Nd3 27.Rxe8 Qxe8 28.f4 Bxg2 29.Qxg2 Bc5
30.b4 Bxb4 31.Nc6 Nxf2 32.Nxb4 Qe1+ 33.Qf1 Qxb4 34.Qxf2 Qc5 35.Qxc5 bxc5
36.Kf2 Kf8 37.Kf3 Ke7 38.Ke4 Kd6  0-1

[Event "Baile Herculane zt"]
[Site "Baile Herculane"]
[Date "1982.??.??"]
[Round "13"]
[White "Sax, Gyula"]
[Black "Gheorghiu, Florin"]
[Result "1-0"]
[WhiteElo "2550"]
[BlackElo "2550"]

1.e4 c5 2.Nf3 e6 3.d4 cxd4 4.Nxd4 a6 5.Bd3 Nf6 6.O-O d6 7.f4 Nbd7 8.Qe2 Nc5
9.Kh1 Be7 10.c4 Nxd3 11.Qxd3 O-O 12.Nc3 Nd7 13.b3 Re8 14.Bb2 Bf8 15.Rad1 b6
16.e5 Bb7 17.exd6 Qh4 18.Qg3 Qxg3 19.hxg3 Red8 20.f5 Nf6 21.fxe6 Rxd6 22.exf7+ Kxf7
23.Ba3 Rd7 24.Bxf8 Rxf8 25.Nf3 Rxd1 26.Rxd1 Ke7 27.Kg1 Rd8 28.Re1+ Kf7 29.Na4 Rd6
30.c5 bxc5 31.Ne5+ Kf8 32.Nxc5 Bd5 33.g4 g5 34.Rf1 Ke7 35.Nf3 Nxg4 36.Nxg5 Rg6
37.Nge4 a5 38.Re1 Kf7 39.Nd3 Ba8 40.Nef2 Nxf2 41.Ne5+  1-0

[Event "Baile Herculane zt"]
[Site "Baile Herculane"]
[Date "1982.??.??"]
[Round "19"]
[White "Sznapik, Aleksander"]
[Black "Gheorghiu, Florin"]
[Result "1/2-1/2"]
[WhiteElo "2440"]
[BlackElo "2550"]

1.e4 c5 2.Nf3 e6 3.d4 cxd4 4.Nxd4 a6 5.Bd3 Nf6 6.c4 d6 7.Nc3 Be7 8.O-O b6
9.Be3 Bb7 10.f3 Nbd7 11.Rc1 Rc8 12.Be2 O-O 13.Qd2 Re8 14.Rfd1 Bf8 15.Bf1 Qc7
16.a3 Qb8 17.b4 d5 18.cxd5 exd5 19.Bf4 Qa8  1/2-1/2

[Event "HUN-ch"]
[Site "Budapest"]
[Date "1982.??.??"]
[Round "?"]
[White "Szalanczy, Emil"]
[Black "Gyorkos, Lajos"]
[Result "1-0"]
[WhiteElo "2300"]
[BlackElo "2240"]

1.e4 c5 2.Nf3 e6 3.d4 cxd4 4.Nxd4 a6 5.Bd3 Nf6 6.O-O d6 7.c4 Be7 8.Nc3 O-O
9.Be3 Nbd7 10.Rc1 Qc7 11.f4 Nc5 12.Bb1 b6 13.Qe2 Re8 14.Bf2 Ncd7 15.Rfe1 Nf8
16.e5 N6d7 17.Nd5 exd5 18.cxd5 Nc5 19.b4 Bb7 20.bxc5 bxc5 21.Nf5 Red8 22.exd6 Bxd6
23.Qb2 f6 24.Nxd6 Rxd6 25.Bxc5 Rxd5 26.Bxf8 Qd7 27.Bb4  1-0

[Event "Elekes mem-B"]
[Site "Budapest"]
[Date "1982.??.??"]
[Round "?"]
[White "Paoli, Enrico"]
[Black "Tokaji, Nagy Gyorgy"]
[Result "0-1"]
[WhiteElo "2220"]
[BlackElo "2235"]

1.e4 c5 2.Nf3 e6 3.d4 cxd4 4.Nxd4 a6 5.Bd3 Nf6 6.O-O Qc7 7.c4 Nc6 8.Nxc6 dxc6
9.Be3 e5 10.h3 Be6 11.Nc3 Nd7 12.Rc1 Bc5 13.Re1 Rd8 14.Bg5 f6 15.Bh4 O-O
16.Qe2 Qd6 17.a3 a5 18.Qc2 Bf7 19.Na4 Bd4 20.Be2 Rfe8 21.c5 Qe7 22.Bc4 Nf8
23.Bxf7+ Qxf7 24.Nb6 Ne6 25.b4 axb4 26.axb4 Nc7 27.Rcd1 Na6 28.Rb1 Nc7 29.Rb3 Nb5
30.Kh2 h5 31.Bg3 Kh7 32.Kh1 Bxc5 33.Qc4 Qxc4 34.Nxc4 Bd4 35.Na5 Rd7 36.Rc1 Red8
37.Kh2 Bb6 38.Nc4 Bc7 39.f3 Rd1 40.Rxd1 Rxd1 41.Bf2 Rc1 42.Na5 b6 43.Nb7 Ra1
44.Rd3 Ra7 45.Nd8 Nd4  0-1

[Event "Caorle op"]
[Site "Caorle"]
[Date "1982.??.??"]
[Round "1"]
[White "Petkovski, Vlatko"]
[Black "Kovacevic, Slobodan"]
[Result "0-1"]
[WhiteElo "2355"]
[BlackElo "2245"]

1.e4 c5 2.Nf3 e6 3.d4 cxd4 4.Nxd4 a6 5.Bd3 Nf6 6.O-O d6 7.c4 g6 8.Nc3 Bg7
9.Be3 O-O 10.Kh1 Nbd7 11.Rc1 Re8 12.Bb1 b6 13.f4 Bb7 14.Nde2 Nc5 15.Ng3 a5
16.Qe2 h5 17.Rfd1 Qe7 18.Nb5 Red8 19.Nxd6 Rxd6 20.Rxd6 Qxd6 21.e5 Qe7 22.exf6 Qxf6
23.Rd1 h4 24.Bxc5 bxc5 25.Ne4 Qxf4 26.Rf1 Qe5 27.Qf3 Rf8 28.Nf6+ Qxf6 29.Qxf6 Bxf6
30.Rxf6 h3 31.Rf2 Rd8 32.Bc2 Rd4 33.b3 Bxg2+ 34.Kg1 Rg4 35.Rd2 Kg7 36.Kf2 e5
37.Rd6 Rd4 38.Rxd4 exd4 39.a3 f5 40.Kg3 Kf6  0-1

[Event "Midwest Masters"]
[Site "Chicago"]
[Date "1982.??.??"]
[Round "3"]
[White "Rose, J."]
[Black "Bass, Leonid"]
[Result "1/2-1/2"]
[WhiteElo "2305"]
[BlackElo "2535"]

1.e4 c5 2.Nf3 e6 3.d4 cxd4 4.Nxd4 a6 5.Bd3 Nf6 6.Nc3 d6 7.Be3 Be7 8.Nb3 Nc6
9.f4 O-O 10.Qf3 d5 11.e5 Nd7 12.O-O Nb4 13.Kh1 b6 14.Nd4 Bb7 15.Bxh7+ Kxh7
16.Qh5+ Kg8 17.Rf3 f5 18.Rh3 Nf6 19.exf6 Rxf6 20.Qh7+ Kf7 21.a3 Nc6 22.Nxc6 Bxc6
23.Bd4 Rg6 24.Rh6 Rf6 25.Bxf6 Bxf6 26.Re1 d4 27.Nd1 Be4 28.Qg6+  1/2-1/2

[Event "Midwest Masters"]
[Site "Chicago"]
[Date "1982.??.??"]
[Round "4"]
[White "Brooks, Michael A"]
[Black "Rose, J."]
[Result "1-0"]
[WhiteElo "2435"]
[BlackElo "2305"]

1.e4 c5 2.Nf3 e6 3.d4 cxd4 4.Nxd4 a6 5.Bd3 d6 6.O-O Nf6 7.Nc3 Be7 8.Be3 Qc7
9.f4 Nc6 10.Qf3 O-O 11.Rae1 Nb4 12.a3 Nxd3 13.cxd3 e5 14.Nc2 Bg4 15.Qg3 exf4
16.Qxf4 Be6 17.Bd4 Rac8 18.Ne3 Qd8 19.Qg3 Nh5 20.Qf2 Bh4 21.g3 Bf6 22.Ned5 Bxd4
23.Qxd4 Qg5 24.Qe3 Qxe3+ 25.Rxe3 Rfe8 26.Kg2 g6 27.Ref3 Kg7 28.h3 f5 29.exf5 gxf5
30.Ne3 Rf8 31.Nxf5+ Bxf5 32.Rxf5 Rxf5 33.Rxf5 Nf6 34.Kf3 Re8 35.Ne4 Nxe4
36.dxe4 Rc8 37.Ke3 Rc2 38.Rf2 Rc1 39.Rd2 Re1+ 40.Kf4 Rf1+ 41.Kg4 Rf6 42.Rd5 Re6
43.Kf4 Kf7 44.Rh5 h6 45.Rf5+ Kg7 46.g4 Re7 47.Ke3 Rc7 48.Rd5 Rc6 49.h4 Rb6
50.b4 Rc6 51.Kf4 Kf6 52.Rxd6+  1-0

[Event "Wch U20"]
[Site "Copenhagen"]
[Date "1982.??.??"]
[Round "2"]
[White "Barbulescu, Dan"]
[Black "Murshed, Niaz"]
[Result "1/2-1/2"]
[WhiteElo "2305"]
[BlackElo "2410"]

1.e4 c5 2.Nf3 e6 3.d4 cxd4 4.Nxd4 a6 5.Bd3 Qc7 6.O-O Nf6 7.c4 Nc6 8.Nxc6 dxc6
9.Be3 e5 10.f3 Be6 11.c5 Be7 12.Qc2 Nh5 13.g3 g5 14.Nd2 Rg8 15.Kh1 Rd8 16.Bc4 Qc8
17.Rg1 Rg6 18.Qc3 Rh6 19.g4 Nf4 20.Bxf4 gxf4 21.Rad1 Rd4 22.Bxe6 Qxe6 23.Nb3 Rc4
24.Qd3  1/2-1/2

[Event "Gausdal Young Men"]
[Site "Gausdal"]
[Date "1982.??.??"]
[Round "1"]
[White "Karlsson, Peter"]
[Black "Tisdall, Jonathan D"]
[Result "0-1"]
[WhiteElo "2250"]
[BlackElo "2435"]

1.e4 c5 2.Nf3 e6 3.d4 cxd4 4.Nxd4 a6 5.Bd3 Nf6 6.O-O d6 7.c4 Be7 8.Nc3 O-O
9.f4 Nbd7 10.Be3 Re8 11.Qf3 Bf8 12.Rae1 g6 13.Bc2 Bg7 14.Kh1 Qc7 15.Qe2 b6
16.Bg1 Bb7 17.Bd3 Rac8 18.Rc1 Qb8 19.Qd2 Nc5 20.Rfe1 Qa8 21.Nf3 Nfxe4 22.Nxe4 Nxe4
23.Bxe4 Bxe4 24.Ng5 Bc6 25.Re2 h6 26.Nh3 b5 27.b3 bxc4 28.Rxc4 Bd5 29.Rxc8 Rxc8
30.Bd4 Bxd4 31.Qxd4 Rc1+ 32.Ng1 Bxg2+ 33.Rxg2 Rc2 34.Ne2 Rxe2 35.Qg1  0-1

[Event "Gausdal Int"]
[Site "Gausdal"]
[Date "1982.??.??"]
[Round "4"]
[White "Morris, Walter D"]
[Black "Tisdall, Jonathan D"]
[Result "1-0"]
[WhiteElo "2325"]
[BlackElo "2435"]

1.e4 c5 2.Nf3 e6 3.d4 cxd4 4.Nxd4 a6 5.Bd3 g6 6.O-O Bg7 7.c3 d6 8.Be3 Nf6
9.Nd2 O-O 10.a4 e5 11.Nc2 Nc6 12.Nc4 Be6 13.Bb6 Qe7 14.N2e3 Bxc4 15.Nxc4 d5
16.Nd2 dxe4 17.Nxe4 Nxe4 18.Bxe4 Rac8 19.b4 Qe6 20.Bd5 Qf6 21.a5 Rfe8 22.Rb1 e4
23.c4 Qe7 24.Re1 Bc3 25.Rxe4 Qf6 26.Qe2 Rxe4 27.Qxe4 Kg7 28.h3 Qd6 29.Bc5 Qd7
30.Qf3 Bf6 31.Bb6 Qe7 32.b5 Ne5 33.Qe4 Nxc4 34.Qxe7 Bxe7 35.Bxb7 Nxb6 36.axb6  1-0

[Event "Bundesliga 8182"]
[Site "Germany"]
[Date "1982.??.??"]
[Round "?"]
[White "Zimmermann, Frank"]
[Black "Steinbacher, Matthias"]
[Result "0-1"]
[WhiteElo "2255"]
[BlackElo "2265"]

1.e4 c5 2.Nf3 e6 3.d4 cxd4 4.Nxd4 a6 5.Bd3 Ne7 6.Be3 g6 7.Nd2 Bg7 8.O-O O-O
9.N4b3 d5 10.c3 Nbc6 11.Nf3 b6 12.Qd2 Bb7 13.Rad1 Qc7 14.Bh6 Rfd8 15.Qg5 dxe4
16.Bxe4 Rxd1 17.Rxd1 Rd8 18.Rd2 a5 19.Bxg7 Kxg7 20.Rxd8 Qxd8 21.Qd2 Qxd2
22.Nfxd2 Ba6 23.Nc1 f5 24.Bd3 Bb7 25.Nc4 Nc8 26.f3 Kf6 27.Kf2 Ne5 28.Nxe5 Kxe5
29.a3 Nd6 30.Nb3 Kd5 31.Nd2 a4 32.Bc2 b5 33.Bb1 e5 34.Ke3 Kc5 35.Bd3 Bd5
36.Be2 f4+ 37.Kd3 Nc4 38.Nxc4 Bxc4+ 39.Kd2 Bxe2 40.Kxe2 Kc4 41.Kd2 Kb3 42.Kc1 g5
43.h3 h5 44.Kb1 e4  0-1

[Event "Luzern ol (Men)"]
[Site "Luzern"]
[Date "1982.??.??"]
[Round "8"]
[White "Tringov, Georgi P"]
[Black "Gheorghiu, Florin"]
[Result "0-1"]
[WhiteElo "2460"]
[BlackElo "2535"]

1.e4 c5 2.Nf3 e6 3.d4 cxd4 4.Nxd4 a6 5.Bd3 Nf6 6.O-O d6 7.c4 b6 8.Nc3 Bb7
9.f4 Nc6 10.Nxc6 Bxc6 11.Qe2 Be7 12.b3 O-O 13.Bb2 Qc7 14.Kh1 Rad8 15.Rae1 Bb7
16.Bb1 Nd7 17.e5 dxe5 18.fxe5 g6 19.Qe3 Nc5 20.Qh6 Qd7 21.Re2 f5 22.exf6 Rxf6
23.Rg1 Nd3 24.Nd5 Nxb2 25.Nxe7+ Qxe7 26.Rxb2 Qc5 27.Rd2 Rdf8 28.Bd3 e5 29.h3 e4
30.Be2 Bc6 31.Rdd1 Rf2 32.Bg4 e3 33.Be6+ Kh8 34.Rde1 R8f4 35.Bd5 Bxd5 36.cxd5 Re4
37.Qg5 Rf5 38.Qd8+ Rf8 39.Qg5 e2 40.Qd2 Qe3 41.Qxe3 Rxe3 42.g3 Rf2 43.d6 Rd3
44.Rg2 Rf1+ 45.Rg1 Rxg1+ 46.Kxg1 Rxg3+ 47.Kf2 Rd3 48.Rxe2 Rxd6 49.Re8+ Kg7
50.Re7+ Kh6 51.Kf3 b5 52.Ra7 g5 53.h4 gxh4 54.Kg4 Kg6 55.Kxh4 Kf5 56.a4 Ke4
57.Rxh7 Kd3 58.Rb7 Rd5 59.Rc7 b4  0-1

[Event "Luzern ol (Men)"]
[Site "Luzern"]
[Date "1982.??.??"]
[Round "8"]
[White "Ghinda, Mihail Viorel"]
[Black "Popov, Luben"]
[Result "1-0"]
[WhiteElo "2400"]
[BlackElo "2435"]

1.e4 c5 2.Nf3 e6 3.d4 cxd4 4.Nxd4 a6 5.Bd3 Nc6 6.Nxc6 dxc6 7.Be3 e5 8.Nd2 Bd6
9.a4 Nf6 10.Nc4 Bc7 11.a5 Be6 12.Nb6 Rb8 13.b4 Nd7 14.Na4 Bd6 15.Qd2 Qe7
16.Rb1 O-O 17.Qc3 g6 18.O-O f5 19.f3 Rbc8 20.Bc4 fxe4 21.fxe4 Rxf1+ 22.Rxf1 Rf8
23.Rd1 Bxc4 24.Qxc4+ Rf7 25.c3 Qf6 26.Rd2 Nf8 27.Bc5 Bxc5+ 28.Nxc5 Kg7 29.h3 h5
30.Qe2 Ne6 31.Nxe6+ Qxe6 32.Qe3 Rd7 33.Rf2 Rf7 34.Rxf7+ Kxf7 35.Qh6 Qf6 36.Qh7+ Qg7
37.Qxg7+ Kxg7 38.Kf2 Kf6 39.h4 Ke6 40.Ke3 Kd6 41.Kd3 c5 42.Kc4 cxb4 43.cxb4  1-0

[Event "Luzern ol (Men)"]
[Site "Luzern"]
[Date "1982.??.??"]
[Round "11"]
[White "Westerinen, Heikki MJ"]
[Black "Heim, Sverre"]
[Result "1/2-1/2"]
[WhiteElo "2410"]
[BlackElo "2415"]

1.e4 c5 2.Nf3 e6 3.d4 cxd4 4.Nxd4 a6 5.Bd3 Nf6 6.O-O d6 7.c4 Be7 8.b3 O-O
9.Bb2 b6 10.Nd2 Bb7 11.Qe2 Re8 12.Rae1 Nbd7 13.Bb1 Bf8 14.f4 e5 15.fxe5 Nxe5
16.h3 g6 17.N4f3 Bg7 18.Nxe5 dxe5 19.Rd1 Qc7 20.Rfe1 Bc6 21.Nf1 Qb7 22.b4 Nh5
23.Qf3 b5 24.c5 f5 25.Rd6 Kh8 26.Rxc6 Qxc6 27.exf5 Qxf3 28.gxf3 Nf4 29.fxg6 a5
30.gxh7 axb4 31.Ng3 Nxh3+ 32.Kf1 Ng5 33.Nf5 Nxf3 34.Rd1 Rf8 35.Ke2 Nd4+ 36.Rxd4 exd4
37.Nxg7 Kxg7 38.Bxd4+ Kf7 39.c6 Ke6 40.Ke3 Kd6 41.Bg7 Kxc6 42.Bxf8 Rxf8 43.Bc2 Kb6
44.Ke4 Ka5 45.Ke5 Rh8 46.Kf6 b3 47.axb3 Kb4 48.Kg7 Rc8 49.h8=Q Rxc2 50.Qe8 Rb2
51.Kf6 Rxb3 52.Qe1+ Rc3 53.Ke5 Kb3 54.Qd1+ Ka3 55.Qa1+ Kb4 56.Kd4 Rc4+ 57.Kd5 Rc5+
58.Kd6 Rc4 59.Qa2 Rc8 60.Qa7 Rc1 61.Kd5 Rc2 62.Qa1 Rc5+ 63.Kd4 Rc4+ 64.Kd3 Rc8
65.Qf6 Kb3 66.Qe6+ Rc4 67.Qe1 Ka4 68.Qd2 Rc7 69.Qd1+ Kb4 70.Qe1+ Ka4 71.Qe8 Kb4
72.Qd8 Rc4 73.Qe7+ Kb3  1/2-1/2

[Event "Pamporovo"]
[Site "Pamporovo"]
[Date "1982.??.??"]
[Round "5"]
[White "Lukov, Valentin"]
[Black "Velikov, Petar"]
[Result "1/2-1/2"]
[WhiteElo "2405"]
[BlackElo "2470"]

1.e4 c5 2.Nf3 e6 3.d4 cxd4 4.Nxd4 a6 5.Bd3 Bc5 6.Nb3 Ba7 7.Qe2 Nc6 8.Be3 Bxe3
9.Qxe3 d6 10.Nc3 Nf6 11.O-O-O Qc7 12.f4 O-O 13.g4 b5 14.g5 Ne8 15.Qh3 Nb4
16.Qh4 Bb7 17.a3 Nxd3+ 18.Rxd3 f5 19.Rh3 g6 20.Nd4 Rf7 21.Rd1 e5 22.fxe5 dxe5
23.Ne6 Qe7 24.exf5 Rxf5 25.Nc5 Rf4  1/2-1/2

[Event "Pamporovo"]
[Site "Pamporovo"]
[Date "1982.??.??"]
[Round "9"]
[White "Ermenkov, Evgenij"]
[Black "Kirov, Nino"]
[Result "1/2-1/2"]
[WhiteElo "2460"]
[BlackElo "2430"]

1.e4 c5 2.Nf3 e6 3.d4 cxd4 4.Nxd4 a6 5.Bd3 Bc5 6.Nb3 Ba7 7.Qe2 Nc6 8.Be3 Bxe3
9.Qxe3 Nf6 10.O-O d6 11.c4 O-O 12.Nc3 Ne5 13.Rfd1 Nfg4 14.Qe2 Qc7 15.h3 Nxd3
16.Rxd3 Ne5 17.Rd4 b6 18.Rad1 Rd8 19.f4  1/2-1/2

[Event "Plovdiv"]
[Site "Plovdiv"]
[Date "1982.??.??"]
[Round "6"]
[White "Panchenko, Alexander N"]
[Black "Popov, Luben"]
[Result "1-0"]
[WhiteElo "2480"]
[BlackElo "2435"]

1.e4 c5 2.Nf3 e6 3.d4 cxd4 4.Nxd4 a6 5.Bd3 g6 6.O-O Bg7 7.Nb3 d6 8.a4 Nf6
9.a5 e5 10.c4 Be6 11.Nc3 Nbd7 12.Nd5 O-O 13.Bg5 h6 14.Bd2 Rc8 15.Ra4 Bxd5
16.cxd5 Ne8 17.Rb4 Rc7 18.Be3 Nef6 19.Qe2 Qe7 20.Rc1 Rxc1+ 21.Bxc1 Nc5 22.Nxc5 dxc5
23.Rc4 Nd7 24.Qc2 Rb8 25.g3 Bf8 26.Bf1 Qd8 27.Bd2 h5 28.h4 Bd6 29.Bh3 b5
30.axb6 Nxb6 31.Rc3 c4 32.Bg5 Qf8 33.Rf3 Rb7 34.Bf6 Kh7 35.Kg2 Qe8 36.Qc1 Bf8
37.Qg5 Bg7 38.Bxg7 Kxg7 39.Qf6+ Kg8 40.d6  1-0

[Event "Randers zt-A"]
[Site "Randers"]
[Date "1982.??.??"]
[Round "8"]
[White "Kagan, Shimon"]
[Black "Lobron, Eric"]
[Result "0-1"]
[WhiteElo "2425"]
[BlackElo "2440"]

1.e4 c5 2.Nf3 e6 3.d4 cxd4 4.Nxd4 a6 5.Bd3 g6 6.c4 Bg7 7.Ne2 Nf6 8.Nbc3 O-O
9.O-O Nc6 10.Bf4 d5 11.exd5 exd5 12.c5 Re8 13.Na4 Be6 14.a3 Nd7 15.Rc1 Rc8
16.b4 Nde5 17.Nb6 Rc7 18.Nc3 Rce7 19.Bb1 d4 20.Ne4 h6 21.Nd6 Rf8 22.Re1 g5
23.Bd2 f5 24.f4 gxf4 25.Bxf4 Ng6 26.Bd2 Nce5 27.Qh5 d3 28.h3 f4 29.Rf1 f3
30.gxf3 Rf4 31.Bxd3 Rh4 32.Bxg6 Rxh5 33.Bxh5 Nd3 34.Rc3 Bxc3 35.Bxc3 Nf4
36.Kh2 Nxh5 37.Rg1+ Kh7 38.f4 Nxf4 39.Ne4 Nh5 40.Rg2 Bxh3 41.Rd2 Qf8  0-1